00739nam a22002177a 45000050016000000100014000160200025000300350013000550370013000680820006000811000027000872450095001142600075002092700042002843000022003267000010003487000010003589420020003689990017003889520116004052010081105455.0 aENG-99715 a9788174509635c80.00 aEN-83247 bDBAD/PUB aS aSykes, Marjorie911336 aThe story of Nai Talim :cby Marjorie Skyesbfifty years of education at sevagram, India / aNew DelhibNational Council of Educational Research and Trainingc2009 aSri Aurobindo MargbNew DElhie110016 a110p.c24cm (pbk) 910878 910963 2ddccENhSmSYK c41038d41038 001040718FICaDBADbDBADd2010-08-11eDBAD/PUBg80.00l0oS SYKpEN-83247r2010-08-11 00:00:00t1v80.00yEN